03143naa a2200241 a 450000100080000000500110000800800410001910000220006024501040008226000090018652024150019565300130261065300110262365300270263465300260266165300170268770000170270470000180272170000190273970000190275870000200277777301040279711225422014-12-12 2014 bl uuuu u00u1 u #d1 aESPERAN??A, C. F. aEFEITO DO ??CIDO ABSC??SICO NOS ??NDICES DE CLOROFILA EM FOLHAS DE MACIEIRASh[electronic resource] c2014 aO presente estudo objetivou determinar os ??ndices de clorofila no limbo foliar de macieiras submetidas a doses crescentes de ??cido absc??sico (ABA), por meio de medidor port??til de clorofila SPAD-502. O experimento foi conduzido em pomar experimental no munic??pio de Ca??ador, SC, na safra 2013/2014. Foram utilizadas plantas de macieiras ?Fuji Suprema? e ?Granny Smith? com 01 ano de idade e, ?Daiane? com 12 anos de idade e ?Fuji Suprema? com 08 anos de idade. Os valores de SPAD refletem os ??ndices relativos de clorofila e s??o calculados a partir de uma certa quantidade de luz emitida pelo instrumento e refletida pela folha. Em plantas adultas, a redu????o dos pigmentos nas folhas foi visualizada primeiramente na cultivar Daiane e dois dias ap??s na cultivar Fuji Suprema, 08/05 e 10/05 respectivamente. A cultivar Daiane mostrou maior sensibilidade aos tratamentos com ABA, independentemente da concentra????o adotada, j?? na ?Fuji Suprema?, embora todos os tratamentos com ABA tenham promovido redu????o significativa do ??ndice de clorofila SPAD em rela????o as plantas n??o tratadas, percebeu-se que os tratamentos com duas aplica????es, ABA - 750 + 750 mg L-1 e ABA - 1.500 + 1.500 mg L-1 promoveram maior redu????o do ??ndice de clorofila SPAD, seguidos pelo tratamento de ABA - 1.500 mg L-1 com uma ??nica aplica????o. Na ?Daiane?, a degrada????o dos pigmentos ocorreu de forma mais acelerada nos tratamentos com ABA e, consequentemente, a queda de folhas tamb??m. As plantas n??o tratadas permaneceram com n??veis de clorofila est??veis at?? as primeiras geadas que causaram a senesc??ncia e queda natural das mesmas. Nas plantas jovens, inicialmente n??o foram observadas diferen??as entre os tratamentos de ABA e plantas n??o tratadas, ambas mantiveram os n??veis de clorofila normais. Por??m, em pouco tempo as plantas tratadas come??aram a apresentar sintomas de fitotoxidez, manchas necr??ticas nas folhas, o que causou repentina queda das mesmas, o que pode ter sido consequ??ncia da alta concentra????o de ABA aplicado. O ABA promove redu????o dos ??ndices de clorofila e consequentemente acelera o processo de senesc??ncia foliar, podendo assim ser utilizado como agente de desfolha na cultura da macieira. A aplica????o de ABA em concentra????es de 1.500 mg L-1 ou superiores a esta, promove queda precoce das folhas em plantas jovens de macieira devido a fitotoxidez apresentada adesfolha aMa???? aMallus domestica Borkh aMalus domestica Borkh asenesc??ncia1 aPETRI, J. L.1 aRUFATO, A. R.1 aGABARDO, G. C.1 aSCHVEITZER, B.1 aSILVA, C. D. S. tIn: JORNADA DE P??S-GRADUA????O E PESQUISA, 12., 2014, Bag??, RS. Anais... Bag??, RS: Urcamp, 2014.